[Event "Moscow Tal Memorial 10th Blitz"]
[Site "Moscow"]
[Date "2016.09.25"]
[Round "2"]
[White "Tomashevsky, Evgeny"]
[Black "Li, Chao B"]
[Result "1-0"]
[WhiteElo "2731"]
[BlackElo "2746"]
[PlyCount "79"]
[EventDate "2016.09.25"]
[EventType "tourn (blitz)"]
[EventRounds "9"]
[EventCountry "RUS"]
[EventCategory "21"]
[SourceTitle "CBM 174 Extra"]
[Source "ChessBase"]
[SourceDate "2016.10.10"]
[SourceVersion "1"]
[SourceVersionDate "2016.10.10"]
[SourceQuality "1"]

1. Nf3 d5 2. c4 d4 3. g3 c5 4. e3 Nc6 5. exd4 cxd4 6. Bg2 g6 7. O-O Bg7 8. d3 Nf6 9. Re1 O-O 10. a3 a5 11. Nbd2 Bf5 $146 ({RR} 11... Nd7 12. Rb1 Nc5 13. Ne4 Nxe4 14. Rxe4 Qd6 15. Re1 Bg4 16. h3 Bf5 17. Ng5 Rab8 18. b4 axb4 19. axb4 b5 20. c5 Qc7 21. Bf4 e5 22. Bc1 h6 23. Ne4 Be6 24. Bd2 Ne7 25. Nd6 Rfd8 26. Qc1 {Pantsulaia,L (2599)-Dao,T (2520) Khanty-Mansiysk 2010 1-0 (41)}) 12. Nh4 Bg4 13. Qc2 g5 14. Nhf3 h6 15. Rb1 Rc8 16. b4 axb4 17. axb4 b5 18. Qb3 bxc4 19. Nxc4 Nd5 20. b5 Rb8 21. Ba3 Nc3 22. bxc6 Rxb3 23. Rxb3 Be6 24. Rb7 Bf6 25. Nfe5 Bd5 26. Rd7 Qa8 27. Bxd5 Nxd5 28. Rxd5 Bxe5 29. Rdxe5 Qxc6 30. Rxe7 Ra8 31. Bb2 Qf3 32. Ne5 Qf6 33. Rxf7 Qb6 34. Nc4 Qb3 35. Ree7 Qxd3 36. Rg7+ Kh8 37. Ne5 Qb1+ 38. Kg2 Qe4+ 39. Kh3 Qf5+ 40. g4 1-0

[Event "Moscow Tal Memorial 10th Blitz"]
[Site "Moscow"]
[Date "2016.09.25"]
[Round "4"]
[White "Tomashevsky, Evgeny"]
[Black "Svidler, Peter"]
[Result "1-0"]
[WhiteElo "2731"]
[BlackElo "2745"]
[PlyCount "79"]
[EventDate "2016.09.25"]
[EventType "tourn (blitz)"]
[EventRounds "9"]
[EventCountry "RUS"]
[EventCategory "21"]
[SourceTitle "CBM 174 Extra"]
[Source "ChessBase"]
[SourceDate "2016.10.10"]
[SourceVersion "1"]
[SourceVersionDate "2016.10.10"]
[SourceQuality "1"]

1. Nf3 d5 2. c4 d4 3. g3 Nc6 4. Bg2 e5 5. d3 Nf6 6. O-O a5 7. e3 dxe3 8. Bxe3 Be7 9. Nc3 O-O 10. d4 exd4 11. Nxd4 Nxd4 12. Qxd4 Qxd4 13. Bxd4 c6 14. b3 Be6 15. Rfd1 Rfd8 16. Bb6 Rxd1+ 17. Rxd1 Nd7 18. Be3 Nc5 19. Bf3 $146 ({RR} 19. h3 h5 20. f4 Bf5 21. Kf2 g6 22. Kf3 Be6 23. g4 hxg4+ 24. hxg4 a4 25. Bxc5 Bxc5 26. Nxa4 Bb4 27. Bf1 Kg7 28. Bd3 Kf6 29. f5 gxf5 30. gxf5 b5 31. fxe6 bxa4 32. exf7 Kxf7 33. Be4 axb3 {Maksimovic,B (2486)-Eljanov,P (2706) chess.com INT 2023 ½-½ (59)}) ({RR} 19. h3 h5 20. f4 Bf5 21. Kf2 g6 22. Kf3 Be6 23. g4 hxg4+ 24. hxg4 a4 25. Bxc5 Bxc5 26. Nxa4 Bb4 27. Bf1 Kg7 28. Bd3 Kf6 29. f5 gxf5 30. gxf5 b5 31. fxe6 bxa4 32. exf7 Kxf7 33. Be4 axb3 {Maksimovic,B (2486)-Eljanov,P (2706) chess.com INT 2023 ½-½ (59)}) 19... Bf8 20. h4 g6 21. h5 a4 22. Bxc5 Bxc5 23. Nxa4 Bb4 24. Kg2 Kf8 25. hxg6 hxg6 26. Rd3 Ke7 27. Re3 Kf6 28. Rd3 Ke7 29. Re3 Kf6 30. Rd3 Ra5 31. Be4 b5 32. cxb5 cxb5 33. Nb6 Rxa2 34. Nd5+ Bxd5 35. Bxd5 Kg7 36. Rf3 f5 37. g4 fxg4 38. Rf4 Bc5 39. b4 Bb6 40. Bxa2 1-0

[Event "Moscow Tal Memorial 10th"]
[Site "Moscow"]
[Date "2016.10.02"]
[Round "6"]
[White "Svidler, Peter"]
[Black "Li, Chao B"]
[Result "1-0"]
[WhiteElo "2745"]
[BlackElo "2746"]
[Annotator "Roiz,Michael"]
[PlyCount "83"]
[EventDate "2016.09.26"]
[EventType "tourn"]
[EventRounds "9"]
[EventCountry "RUS"]
[EventCategory "21"]
[SourceTitle "CBM 175"]
[Source "ChessBase"]
[SourceDate "2016.11.10"]
[SourceVersion "1"]
[SourceVersionDate "2016.11.10"]
[SourceQuality "1"]

1. Nf3 d5 2. c4 d4 3. b4 Bg4 4. Qb3 {The players have entered into a very rare theoretical position with mutual chances.} Nf6 ({Two other possibilities look perfectly playabler for Black:} 4... c6 $5 5. g3 Bxf3 6. exf3 a5 7. bxa5 Qc7 8. f4 Nd7 $132 {Van Wely,L (2654)-Tomashevsky,E (2695) Dubai 2014}) ({Or} 4... Bxf3 $5 5. Qxf3 c6 6. Qb3 a5 7. bxa5 Qd7 8. d3 Rxa5 9. Nd2 e5 10. g3 Na6 11. Bg2 Nc5 12. Qc2 Nf6 $11 {Smith,A (2513)-Grandelius,N (2643) Uppsala SWE 2016}) 5. g3 a5 {This is a typical way of securing the c5-spot for the knight.} (5... Nbd7 $6 {Demuth,A (2545)-Zhigalko,S (2656) Berlin GER 2015 is dubious.} 6. Nxd4 e5 7. Nc2 $16 {, and Black gets no compensation for the central pawn.}) 6. b5 a4 7. Qd3 {The placement of White's queen is rather awkward now, but Peter is trying to put pressure on the d4.} ({The more natural} 7. Qb2 Bxf3 8. exf3 e5 9. Bg2 Nbd7 10. d3 Bd6 11. O-O O-O $11 {wouldn't pose Black any problems.}) 7... Bxf3 $6 $146 {A dubious decision - now it would be difficult for Black to neutralise White's pressure along the h1-a8 diagonal.} ({More to the point is} 7... c5 8. Bg2 (8. Ne5 $5 Bh5 9. Bg2 Nbd7 10. f4 $132) 8... Nbd7 9. h3 Bh5 10. O-O e5 {Bologan,V (2640)-Motylev,A (2663) Sochi RUS 2016, Black had an excellent play.}) 8. Qxf3 c6 9. Bg2 e5 $6 {This advance makes Black's position even more shaky.} ({The quieter} 9... e6 {was better:} 10. O-O Bc5 11. d3 O-O 12. Bg5 (12. Nd2 cxb5 $1 13. Qxb7 Ra5 14. cxb5 Nd5 $44 {puts White's queen in danger.}) 12... h6 13. Bxf6 Qxf6 14. Qxf6 gxf6 15. Nd2 $14) 10. O-O Be7 $146 ({In comparison to the above-mentioned note, now} 10... Bc5 11. d3 O-O 12. Bg5 $16 {would yield White full control over the light squares.}) ({RR} 10... Bd6 11. d3 h6 12. Nd2 O-O 13. Rb1 Ra7 14. Qf5 Qd7 15. Qxd7 Nfxd7 16. Ne4 Be7 17. g4 c5 18. Bd2 b6 19. h3 Nf6 20. Ng3 Ne8 21. e3 Nc7 22. Nf5 Bf6 23. exd4 exd4 24. Rbe1 Nd7 25. f4 {Bogosavljevic,B (2527)-Injac,T (2384) Paracin 2022 1-0 (43)}) ({RR} 10... Bd6 11. d3 h6 12. Nd2 O-O 13. Rb1 Ra7 14. Qf5 Qd7 15. Qxd7 Nfxd7 16. Ne4 Be7 17. g4 c5 18. Bd2 b6 19. h3 Nf6 20. Ng3 Ne8 21. e3 Nc7 22. Nf5 Bf6 23. exd4 exd4 24. Rbe1 Nd7 25. f4 {Bogosavljevic,B (2527)-Injac,T (2384) Paracin 2022 1-0 (43)}) 11. d3 O-O 12. Nd2 $16 {Now Black's position lacks any adequate ideas.} h5 {A desperate attempt to create any counter-play.} (12... Nfd7 {looked somewhat more natural:} 13. Rb1 f5 {, but after} 14. g4 $1 f4 (14... g6 {is even worse:} 15. gxf5 gxf5 16. Bh3 $18) 15. Ne4 $16 {White would be firmly in a control too.}) 13. h3 {This prophylactic move wasn't necessary.} ({There was nothing wrong with} 13. Rb1 $5 {and if} h4 {, then} 14. bxc6 bxc6 15. Ne4 $18 {leaves Black in a hopeless situation.}) 13... g6 14. Rb1 Nh7 ({Hardly better was} 14... Qc7 15. Bb2 $1 Nh7 16. e3 {and Black's position should collapse soon.}) 15. e3 Re8 ({Possibly, the best practical chance was} 15... Ng5 $5 16. Qe2 Ne6 17. exd4 Nxd4 18. Qxe5 Bf6 19. Qe3 Bg7 $16 {, giving up the pawn, but securing the d4-spot for the knight.}) 16. exd4 exd4 17. Re1 {All White's pieces are coming into play and Black's position slowly starts to collapse.} h4 (17... Ng5 18. Qd1 Bf8 19. Ne4 Nxe4 20. Rxe4 Rxe4 21. Bxe4 Qc7 22. Qf3 Nd7 23. bxc6 Ne5 24. Qg2 bxc6 25. f4 $18) 18. bxc6 ({An even simpler way was} 18. gxh4 $1 Bxh4 19. Rxe8+ Qxe8 20. Ba3) 18... bxc6 19. Rb7 hxg3 20. fxg3 $2 {This natural recapture turns out to be a serious mistake.} ({Peter had to play} 20. Qxg3 $1 Nf6 21. h4 Bf8 22. Ne4 Nh5 23. Qg4 $18 {, achieving a winning position.}) 20... Bf6 $2 {Returning the favour!} ({Finally Black misses a golden opportunity for completing his development:} 20... Nd7 $1 21. Qxc6 (21. Ne4 $5 {deserves serious attention, but it's not an easy decision.}) 21... Nc5 $1 {, and there is nothing concrete for White. For instance,} 22. Rc7 (22. Qxe8+ Qxe8 23. Rbxe7 Qb8 24. Nf1 Ne6 $13) (22. Bd5 Nxb7 23. Qxg6+ Kh8 24. Bxf7 Rf8 25. Nf3 Nc5 26. Bh6 Bf6 27. Bxf8 Qxf8 $132) 22... Nxd3 23. Qxa8 Nxe1 24. Qxd8 Bxd8 25. Rc8 Nxg2 26. Kxg2 Nf8 $14 {and Black gets definite drawing chances.}) 21. Ne4 Nd7 22. Rf1 $18 {The pin on the f-file is too strong, so Black cannot avoid a major loss of material.} Rxe4 23. Qxe4 Nc5 24. Qxc6 Rc8 25. Qb5 Nxb7 26. Bxb7 Rc7 27. Bf4 Re7 {This is forced. Now the c-passer is becoming very strong.} 28. Be4 Nf8 29. c5 Be5 ({Or} 29... Ne6 30. Bd6 $18) 30. Bg5 Bxg3 31. Qb6 $1 {The most precise.} Qxb6 (31... Qe8 32. Bxe7 Qxe7 33. Qf6 $18) 32. cxb6 {The resulting endgame leaves Black no chances. The rest is just torture.} Re5 33. Bf6 Rb5 34. b7 Ne6 35. Rc1 Nc7 36. Kg2 Bf4 37. Rc4 Kh7 38. Kf3 Bh2 39. Rc5 Kg8 40. Rxb5 Nxb5 41. Bc6 Nc3 42. Bh4 1-0

[Event "Douglas IoM op"]
[Site "Douglas"]
[Date "2016.10.06"]
[Round "6"]
[White "Eljanov, Pavel"]
[Black "Shirov, Alexei"]
[Result "1-0"]
[WhiteElo "2741"]
[BlackElo "2679"]
[PlyCount "77"]
[EventDate "2016.10.01"]
[EventType "swiss"]
[EventRounds "9"]
[EventCountry "IOM"]
[SourceTitle "EXT 2017"]
[Source "ChessBase"]
[SourceDate "2016.10.25"]
[SourceVersion "1"]
[SourceVersionDate "2016.10.25"]
[SourceQuality "1"]

1. Nf3 d5 2. g3 Bg4 3. Bg2 Nd7 4. O-O Ngf6 5. h3 Bxf3 ({RR} 5... Bh5 6. d3 e5 7. Qe1 Bc5 8. e4 dxe4 9. dxe4 O-O 10. a4 a5 11. Na3 Ne8 12. Nc4 Qf6 13. g4 Bg6 14. Bd2 Nd6 15. Nxd6 Bxd6 16. Bxa5 Nc5 17. Nh2 b6 18. Bc3 Rxa4 19. b3 Rxa1 20. Bxa1 {Koykka,P (2381)-Shirov,A (2664) Batumi 2019 0-1}) 6. Bxf3 e6 ({RR} 6... e5 7. c4 c6 8. cxd5 cxd5 9. d3 Be7 10. Nc3 d4 11. Nb5 a6 12. Na3 Rb8 13. Bd2 b5 14. Rc1 O-O 15. Rc6 e4 16. dxe4 Ne5 17. Rc1 d3 18. Bg2 dxe2 19. Qxe2 Qd3 20. Qxd3 Nxd3 21. Rc7 {Kramnik,V (2801)-Shirov,A (2684) Zuerich 2016 1-0 (31)}) ({RR} 6... c6 7. d3 e6 8. Nd2 Bd6 9. e4 Qb6 10. Kg2 h5 11. h4 Ne5 12. Qe2 O-O-O 13. c3 Nfg4 14. d4 Nxf3 15. Nxf3 Rde8 16. e5 Be7 17. b4 Qc7 18. Bd2 Qd7 19. Rfc1 f6 20. a4 fxe5 21. Nxe5 {Armstrong,M (2002)-Merriman,J (2216) Blackpool ENG 2025 0-1}) 7. d3 Bd6 $146 ({RR} 7... Bc5 8. e4 c6 9. Nc3 dxe4 10. Nxe4 Nxe4 11. Bxe4 Nf6 12. Bf3 O-O 13. c3 e5 14. Qe2 Re8 15. Bd2 a5 16. Rad1 h6 17. Be3 Bxe3 18. Qxe3 a4 19. d4 e4 20. Bg2 a3 21. Qc1 axb2 22. Qxb2 {Svane,R (2651)-Bachmann,A (2588) Chess.com INT 2022 0-1 (64)}) ({RR} 7... Bc5 8. e4 c6 9. Nc3 dxe4 10. Nxe4 Nxe4 11. Bxe4 Nf6 12. Bf3 O-O 13. c3 e5 14. Qe2 Re8 15. Bd2 a5 16. Rad1 h6 17. Be3 Bxe3 18. Qxe3 a4 19. d4 e4 20. Bg2 a3 21. Qc1 axb2 22. Qxb2 {Svane,R (2651)-Bachmann,A (2588) Chess.com INT 2022 0-1 (64)}) 8. Bg2 O-O 9. Nd2 c6 10. e4 e5 11. a4 a5 12. exd5 cxd5 13. Nb1 Bb4 14. c3 Bd6 15. Na3 Bxa3 16. Rxa3 Rc8 17. Rb3 b6 18. Rb5 Nc5 19. d4 exd4 20. Qxd4 Nfe4 21. Bf4 Nd6 22. Bxd6 Qxd6 23. Bxd5 Rfd8 24. Rd1 Qg6 25. Qg4 Qxg4 26. hxg4 Nxa4 27. Rd4 Nc5 28. Rxb6 Kf8 29. g5 Rb8 30. Rxb8 Rxb8 31. Rf4 Ke7 32. Rxf7+ Kd6 33. c4 g6 34. Rxh7 Rxb2 35. Rg7 a4 36. Rxg6+ Ke5 37. Rg7 a3 38. Ra7 a2 39. g6 1-0

[Event "RUS-ch rapid"]
[Site "Sochi"]
[Date "2016.10.03"]
[Round "8"]
[White "Bologan, Viktor"]
[Black "Motylev, Alexander"]
[Result "1-0"]
[WhiteElo "2640"]
[BlackElo "2663"]
[PlyCount "77"]
[EventDate "2016.10.02"]
[EventType "swiss (rapid)"]
[EventRounds "10"]
[EventCountry "RUS"]
[SourceTitle "CBM 174 Extra"]
[Source "ChessBase"]
[SourceDate "2016.10.10"]
[SourceVersion "1"]
[SourceVersionDate "2016.10.10"]
[SourceQuality "1"]

1. Nf3 {Roiz,Michael} d5 2. c4 d4 3. b4 Bg4 4. Qb3 a5 ({RR} 4... c6 5. g3 Bxf3 6. exf3 a5 7. bxa5 Qc7 8. f4 Nd7) ({RR} 4... Bxf3 5. Qxf3 c6 6. Qb3 a5 7. bxa5 Qd7 8. d3 Rxa5 9. Nd2 e5 10. g3 Na6 11. Bg2 Nc5 12. Qc2 Nf6) 5. b5 Nf6 6. g3 a4 7. Qd3 ({RR} 7. Qb2 Bxf3 8. exf3 e5 9. Bg2 Nbd7 10. d3 Bd6 11. O-O O-O) 7... c5 ({RR} 7... Bxf3 8. Qxf3 c6 9. Bg2 e5 ({RR} 9... e6 10. O-O Bc5 11. d3 O-O 12. Bg5 ({RR} 12. Nd2 cxb5 13. Qxb7 Ra5 14. cxb5 Nd5) 12... h6 13. Bxf6 Qxf6 14. Qxf6 gxf6 15. Nd2) 10. O-O Be7 ({RR} 10... Bc5 11. d3 O-O 12. Bg5) 11. d3 O-O 12. Nd2 h5 ({RR} 12... Nfd7 13. Rb1 f5 14. g4 f4 ({RR} 14... g6 15. gxf5 gxf5 16. Bh3) 15. Ne4) 13. h3 ({RR} 13. Rb1 h4 14. bxc6 bxc6 15. Ne4) 13... g6 14. Rb1 Nh7 ({RR} 14... Qc7 15. Bb2 Nh7 16. e3) 15. e3 Re8 ({RR} 15... Ng5 16. Qe2 Ne6 17. exd4 Nxd4 18. Qxe5 Bf6 19. Qe3 Bg7) 16. exd4 exd4 17. Re1 h4 ({RR} 17... Ng5 18. Qd1 Bf8 19. Ne4 Nxe4 20. Rxe4 Rxe4 21. Bxe4 Qc7 22. Qf3 Nd7 23. bxc6 Ne5 24. Qg2 bxc6 25. f4) 18. bxc6 ({RR} 18. gxh4 Bxh4 19. Rxe8+ Qxe8 20. Ba3) 18... bxc6 19. Rb7 hxg3 20. fxg3 ({RR} 20. Qxg3 Nf6 21. h4 Bf8 22. Ne4 Nh5 23. Qg4) 20... Bf6 ({RR} 20... Nd7 21. Qxc6 ({RR} 21. Ne4) 21... Nc5 22. Rc7 ({RR} 22. Qxe8+ Qxe8 23. Rbxe7 Qb8 24. Nf1 Ne6) ({RR} 22. Bd5 Nxb7 23. Qxg6+ Kh8 24. Bxf7 Rf8 25. Nf3 Nc5 26. Bh6 Bf6 27. Bxf8 Qxf8) 22... Nxd3 23. Qxa8 Nxe1 24. Qxd8 Bxd8 25. Rc8 Nxg2 26. Kxg2 Nf8) 21. Ne4 Nd7 22. Rf1 {Svidler,P (2745)-Li,C (2746) Moscow 2016 CBM 175 [Roiz,Michael] 1-0 (42)}) 8. Bg2 ({RR} 8. Ne5 Bh5 9. Bg2 Nbd7 10. f4) 8... Nbd7 9. h3 Bh5 10. O-O $146 ({RR} 10. Qc2 e5 11. Nh4 Ra7 12. d3 Be7 13. g4 Bg6 14. Nxg6 hxg6 15. b6 Nxb6 16. Na3 O-O 17. Rb1 Nfd7 18. Bd2 Bh4 19. Nb5 Ra8 20. Nd6 Bxf2+ 21. Kxf2 Qf6+ 22. Kg1 Qxd6 23. g5 f5 24. gxf6 Nxf6 {Howell,D (2696)-Adams,M (2703) London 2018 0-1 (54)}) 10... e5 11. Nh4 g5 12. Nf5 Qb6 13. e4 Bg6 14. Qe2 Qe6 15. d3 h6 16. Nd2 Kd8 17. Re1 Kc7 18. g4 Be7 19. Nf1 Bd8 20. N1g3 Kb8 21. Bd2 Bc7 22. f3 Nf8 23. h4 gxh4 24. Nxh4 Qd7 25. b6 Bxb6 26. Rab1 Bc7 27. Rb5 Ne6 28. Reb1 Ra7 29. f4 Nxf4 30. Bxf4 exf4 31. e5 Qxg4 32. Nxg6 Qxg3 33. Rxb7+ Rxb7 34. Rxb7+ Kc8 35. Ne7+ Kd7 36. exf6 Rb8 37. Nf5 Qh2+ 38. Kxh2 f3+ 39. Rxc7+ 1-0

[Event "RUS-ch blitz"]
[Site "Sochi"]
[Date "2016.10.04"]
[Round "9.1"]
[White "Ponkratov, Pavel"]
[Black "Dubov, Daniil"]
[Result "1-0"]
[WhiteElo "2589"]
[BlackElo "2648"]
[PlyCount "91"]
[EventDate "2016.10.04"]
[EventType "swiss (blitz)"]
[EventRounds "22"]
[EventCountry "RUS"]
[SourceTitle "EXT 2017"]
[Source "ChessBase"]
[SourceDate "2016.10.25"]
[SourceVersion "1"]
[SourceVersionDate "2016.10.25"]
[SourceQuality "1"]

1. g3 d5 2. Nf3 c6 3. Bg2 Bg4 4. h3 Bxf3 5. Bxf3 Nd7 6. Bg2 ({RR} 6. d3 Ngf6 7. e4 dxe4 8. dxe4 e5 9. O-O Be7 10. Qe2 O-O 11. a4 Nc5 12. Nd2 Qc7 13. h4 Rfd8 14. Kg2 h6 15. Ra2 Rab8 16. a5 b5 17. axb6 axb6 18. b4 Ne6 19. c3 b5 20. Nb3 c5 {Ding,L (2777)-Malakhov,V (2695) China 2016 ½-½}) 6... e6 ({RR} 6... Ngf6 7. O-O e5 8. d3 Bc5 9. c4 dxc4 10. dxc4 O-O 11. Nc3 Qe7 12. Qc2 Rfe8 13. Na4 Bd6 14. Rd1 Nc5 15. Nxc5 Bxc5 16. a3 a5 17. Bd2 h6 18. e3 a4 19. Bc3 Bb6 20. Bb4 Bc5 21. Qc3 {Ponkratov,P (2622)-Postny,E (2621) Biograd 2018 ½-½ (60)}) 7. c4 $146 ({RR} 7. O-O Bd6 8. d3 Ne7 9. e3 Qc7 10. Nc3 O-O 11. Ne2 Rfe8 12. b3 Be5 13. d4 Bd6 14. c4 Ng6 15. Qc2 Nf6 16. Nf4 Rac8 17. c5 Bf8 18. Nxg6 hxg6 19. b4 e5 20. dxe5 Rxe5 21. Bb2 Re6 {Emami,M (1977)-Poschadel,A (1848) Hamburg 2018 1-0 (60)}) ({RR} 7. O-O Bd6 8. d3 Ne7 9. Nd2 O-O 10. e4 Bc7 11. f4 f5 12. e5 a5 13. Nf3 Qe8 14. a4 c5 15. c4 h6 16. Qb3 Bb6 17. Bd2 d4 18. Kh2 Rb8 19. Rf2 Kh7 20. Re2 Rg8 21. g4 g6 {Subelj,J (2524)-Valiyev,S (2299) Eforie Nord ROU 2025 1-0 (47)}) ({RR} 7. O-O Bd6 8. d3 Ngf6 9. e4 dxe4 10. dxe4 Qe7 11. Nd2 e5 12. Nc4 Bc7 13. a4 O-O 14. Qe2 Rfd8 15. b3 Qe8 16. Bb2 Nb6 17. Ne3 a5 18. Rfd1 Rxd1+ 19. Rxd1 Qe6 20. Bc3 g6 21. Kh2 Qe7 {Petrosian,T (2624)-Petrosyan,T (2416) Albena 2014 1-0 (48)}) 7... Bd6 8. cxd5 cxd5 9. O-O Ngf6 10. d3 O-O 11. e4 Qb6 12. Nc3 dxe4 13. dxe4 Rfd8 14. Qe2 Rac8 15. Be3 Qa5 16. a3 Be5 17. Na2 Qa4 18. Rac1 Nb6 19. Nb4 Qb3 20. Rxc8 Rxc8 21. Nd3 Qb5 22. Re1 Bb8 23. b4 Na4 24. Nc5 Qxe2 25. Rxe2 Nc3 26. Re1 b6 27. Na6 Bd6 28. Bd2 Be5 29. Kh2 Rd8 30. Bxc3 Bxc3 31. Re3 Bd4 32. Re2 e5 33. Nc7 Rd7 34. Nb5 h5 35. Rd2 h4 36. Nxd4 hxg3+ 37. Kxg3 exd4 38. e5 Nh5+ 39. Kg4 g6 40. f4 Ng7 41. Bf1 Nf5 42. Bd3 Ne3+ 43. Kf3 Rc7 44. Ke4 Nf5 45. Kd5 Ne3+ 46. Kxd4 1-0

[Event "RUS-ch blitz"]
[Site "Sochi"]
[Date "2016.10.04"]
[Round "11.6"]
[White "Pridorozhni, Aleksei"]
[Black "Riazantsev, Alexander"]
[Result "1-0"]
[WhiteElo "2579"]
[BlackElo "2651"]
[PlyCount "98"]
[EventDate "2016.10.04"]
[EventType "swiss (blitz)"]
[EventRounds "22"]
[EventCountry "RUS"]
[SourceTitle "EXT 2017"]
[Source "ChessBase"]
[SourceDate "2016.10.25"]
[SourceVersion "1"]
[SourceVersionDate "2016.10.25"]
[SourceQuality "1"]

1. b3 d5 2. Bb2 Bf5 3. e3 Nd7 4. Nf3 e6 5. Be2 h6 6. O-O Ngf6 7. c4 c6 8. Nc3 Bd6 9. Rc1 ({RR} 9. d3 O-O 10. Rc1 Qe7 11. Qc2 Bh7 12. Qb1 a6 13. Nd2 e5 14. cxd5 cxd5 15. Bf3 Qe6 16. e4 dxe4 17. dxe4 b5 18. Rfd1 Rfc8 19. a4 Rab8 20. axb5 axb5 21. Nd5 Bc5 22. b4 Bxf2+ 23. Kh1 Qxd5 {Swiercz,D (2647)-Meier,G (2628) Chess.com INT 2021 1-0 (44)}) ({RR} 9. d4 O-O 10. Bd3 Bxd3 11. Qxd3 Qe7 12. e4 dxc4 13. bxc4 e5 14. Rfe1 exd4 15. Nxd4 Ne5 16. Qe2 Bc5 17. Nf5 Qe6 18. Rad1 Qxc4 19. Qxc4 Nxc4 20. Ba1 Ng4 21. Re2 Rfd8 22. Rb1 Nxf2 23. Rxf2 Rd2 {Liu,C (2280)-Tristan,L (2515) chess.com INT 2024 0-1 (36)}) 9... a6 $146 ({RR} 9... O-O 10. d3 Qe7 11. Re1 Rad8 12. cxd5 exd5 13. h3 Rfe8 14. Bf1 Bg6 15. Ne2 Ba3 16. Bxa3 Qxa3 17. Nf4 Bh7 18. Qd2 a5 19. Rc3 c5 20. Rb1 Qb4 21. Qb2 Qb6 22. Rbc1 Qd6 23. d4 b6 24. Bb5 {Kozlowski,W (2182)-Kucza,K (2329) Jastrzebia Gora 2022 ½-½ (43)}) ({RR} 9... O-O 10. d3 Qe7 11. Re1 Rad8 12. cxd5 exd5 13. h3 Rfe8 14. Bf1 Bg6 15. Ne2 Ba3 16. Bxa3 Qxa3 17. Nf4 Bh7 18. Qd2 a5 19. Rc3 c5 20. Rb1 Qb4 21. Qb2 Qb6 22. Rbc1 Qd6 23. d4 b6 24. Bb5 {Kozlowski,W (2182)-Kucza,K (2329) Jastrzebia Gora 2022 ½-½ (43)}) 10. d3 O-O 11. Qd2 Qe7 12. Rfd1 Bh7 13. Qc2 e5 14. cxd5 cxd5 15. Qb1 e4 16. dxe4 dxe4 17. Nd2 Nc5 18. Nc4 Nd3 19. Nxd6 Qxd6 20. Nxe4 Nxc1 21. Qxc1 Qc6 22. Nxf6+ gxf6 23. Qxc6 bxc6 24. Rc1 Rfd8 25. Bd4 Be4 26. f3 Bd5 27. Bxf6 Rdc8 28. e4 Be6 29. f4 Re8 30. Kf2 a5 31. Rxc6 a4 32. Rc3 axb3 33. axb3 Rec8 34. Rg3+ Kf8 35. f5 Bxb3 36. Rxb3 Ra2 37. Re3 Rc6 38. Be5 f6 39. Bf4 Kg7 40. Rg3+ Kh7 41. Rh3 Rcc2 42. Re3 Kg7 43. g4 Kh7 44. e5 Ra4 45. Kg3 Raa2 46. Bf3 fxe5 47. Rxe5 Rxh2 48. Re7+ Kg8 49. Bd5+ Kf8 1-0

[Event "RUS-ch blitz"]
[Site "Sochi"]
[Date "2016.10.04"]
[Round "18.5"]
[White "Grachev, Boris V"]
[Black "Matlakov, Maxim"]
[Result "1-0"]
[WhiteElo "2628"]
[BlackElo "2691"]
[PlyCount "75"]
[EventDate "2016.10.04"]
[EventType "swiss (blitz)"]
[EventRounds "22"]
[EventCountry "RUS"]
[SourceTitle "EXT 2017"]
[Source "ChessBase"]
[SourceDate "2016.10.25"]
[SourceVersion "1"]
[SourceVersionDate "2016.10.25"]
[SourceQuality "1"]

1. Nf3 d5 2. g3 c6 3. Bg2 Bf5 4. O-O e6 5. d3 h6 6. c4 dxc4 7. dxc4 Nd7 8. Nc3 Ngf6 9. Bf4 ({RR} 9. Be3 Qc7 10. a3 a5 11. h3 Be7 12. Nd2 O-O 13. Nde4 Rfd8 14. Nxf6+ Bxf6 15. Qb3 Rab8 16. Rac1 Be7 17. Na4 b6 18. Rfd1 Nc5 19. Rxd8+ Qxd8 20. Nxc5 bxc5 21. Qa4 Qb6 22. b3 Qxb3 23. Qxa5 Qb6 {Triapishko,A (2506)-Grachev,B (2619) Alushta 2022 1-0}) 9... Be7 10. Bd6 ({RR} 10. Qd2 Nc5 11. Rfd1 O-O 12. Ne5 Qxd2 13. Rxd2 Rfd8 14. Rad1 Rxd2 15. Rxd2 a5 16. f3 Rd8 17. Rxd8+ Bxd8 18. e4 Bh7 19. Be3 Nfd7 20. Nxd7 Nxd7 21. Kf2 Kf8 22. Na4 f6 23. Ke2 {½-½ (23) Jakovenko,D (2713)-Grachev,B (2683) Khanty-Mansiysk 2013}) ({RR} 10. Nd4 Bh7 11. Bxc6 bxc6 12. Nxc6 Qb6 13. Qa4 Nc5 14. Qb5 Nfd7 15. b4 Ne4 16. c5 Nxc3 17. cxb6 Nxb5 18. b7 Rd8 19. Nxd8 e5 20. Rfd1 Nd6 21. Bxe5 Nxb7 22. Bxg7 Rg8 23. Nxb7 Rxg7 24. Nd6+ Kf8 {Kokoszczynski,J (2307)-Rustemov,A (2525) chess.com INT 2025 1-0 (63)}) 10... O-O $146 ({RR} 10... Nc5 11. Bxe7 Qxe7 12. b4 Rd8 13. Qc1 Nce4 14. Qb2 O-O 15. Nxe4 Bxe4 16. Rfd1 c5 17. a3 Nd7 18. h4 f6 19. Qc3 Nb6 20. Ne1 Bxg2 21. Kxg2 Rc8 22. Nd3 cxb4 23. Qxb4 Qc7 24. c5 Nd5 25. Qb3 {Lorscheid,G (2119)-Eilenberg,J (2303) Schwarzach AUT 2024 ½-½}) ({RR} 10... Nc5 11. Bxe7 Qxd1 12. Rfxd1 Kxe7 13. Nd4 a5 14. Rd2 Bg6 15. f4 Nfe4 16. Nxe4 Bxe4 17. Bf3 Rhd8 18. Rad1 f5 19. Kf2 Kf6 20. Nb3 Rxd2 21. Rxd2 Nxb3 22. axb3 Bxf3 23. Kxf3 a4 24. Rd7 axb3 25. Rxb7 {Svane,R (2621)-Rustemov,A (2525) chess.com INT 2023 ½-½ (71)}) 11. Qd4 Bxd6 12. Qxd6 Nb6 13. Qb4 a5 14. Qb3 Nfd7 15. Rfd1 Qc7 16. Nd4 Bg6 17. Rac1 Rfd8 18. Na4 Nxa4 19. Qxa4 Nc5 20. Qa3 Qb6 21. Nf3 Qb4 22. Qe3 Na4 23. b3 Rxd1+ 24. Rxd1 Nc3 25. Rd2 Ne4 26. Rd4 a4 27. h4 axb3 28. axb3 Nf6 29. Ne5 Bc2 30. g4 Qe1+ 31. Kh2 Ra1 32. g5 hxg5 33. hxg5 Qg1+ 34. Kg3 Nh5+ 35. Kf3 Qh2 36. Rd8+ Kh7 37. Nxf7 Nf4 38. Rh8+ 1-0